Loading...
| History - World History | 0 | 12 | 0 | 3 | 120 | 51 | 109.00 | 1 | 1 |
| Any History | 0 | 8 | 3 | 1 | 65 | 68 | 96.50 | 0 | 3 |
| History - European History | 0 | 8 | 3 | 1 | 65 | 76 | 94.88 | 0 | 2 |
| History - American History | 0 | 6 | 0 | 1 | 60 | 87 | 116.83 | 0 | 1 |
| Social Science | 0 | 6 | 1 | 2 | 55 | 85 | 107.67 | 0 | 0 |
| Religion | 0 | 6 | 1 | 3 | 55 | 72 | 117.17 | 0 | 0 |
| Science - Other Science | 0 | 5 | 0 | 0 | 50 | 73 | 99.40 | 0 | 0 |
| Current Events | 0 | 5 | 0 | 0 | 50 | 86 | 100.40 | 1 | 2 |
| Other Academic | 0 | 4 | 1 | 1 | 35 | 92 | 114.50 | 0 | 0 |
| Painting & Sculpture | 0 | 3 | 0 | 0 | 30 | 92 | 109.67 | 0 | 1 |
| Literature - American Literature | 0 | 3 | 0 | 0 | 30 | 117 | 123.00 | 0 | 0 |
| Fine Arts - Other Fine Arts | 0 | 3 | 1 | 0 | 25 | 108 | 138.67 | 0 | 0 |
| Literature - European Literature | 0 | 2 | 0 | 0 | 20 | 128 | 132.00 | 0 | 0 |
| Literature - World Literature | 0 | 2 | 1 | 0 | 15 | 129 | 129.00 | 0 | 0 |
| Literature - British Literature | 0 | 2 | 1 | 0 | 15 | 120 | 133.50 | 0 | 0 |
| Geography | 0 | 1 | 0 | 0 | 10 | 100 | 100.00 | 0 | 0 |
| Science - Chemistry | 0 | 1 | 0 | 0 | 10 | 104 | 104.00 | 0 | 0 |
| Philosophy | 0 | 1 | 1 | 0 | 5 | 109 | 109.00 | 0 | 0 |
| Science - Biology | 0 | 0 | 1 | 0 | -5 | 0.00 | 0 | 0 | |
| Science - Physics | 0 | 0 | 1 | 0 | -5 | 0.00 | 0 | 0 |